Normal view
MARC view
- Choudhry's A.M
Entry Personal Name
001 - CONTROL NUMBER
- control field: 37960
003 - CONTROL NUMBER IDENTIFIER
- control field: NUST
005 - DATE AND TIME OF LATEST TRANSACTION
- control field: 20210314130501.0
008 - FIXED-LENGTH DATA ELEMENTS
- fixed length control field: 210314|| aca||aabn | a|a d
040 ## - CATALOGING SOURCE
- Original cataloging agency: NUST
- Transcribing agency: NUST
100 ## - HEADING--PERSONAL NAME
- Personal name: Choudhry's A.M
670 ## - SOURCE DATA FOUND
- Source citation: Work cat.: (NUST): Choudhry's A.M, The Limitation Act (Act IX of 1908) , 1962
